000 01361cam a22003617a 4500
999 _c219432
_d219432
001 14920381
003 Nust
005 20180118110450.0
008 070709s2007 njua b 001 0 eng d
010 _a 2007298117
020 _a9812566023 (hardcover)
020 _a9789812566027 (hardcover)
020 _a9812705384 (pbk.)
020 _a9789812705389 (pbk.)
035 _a(OCoLC)ocn123128798
035 _a(OCoLC)123128798
040 _cNust
050 0 0 _aQC33
_b.K68 2007
082 0 0 _a530.078 KRA
_222
100 1 _aKraftmakher, I︠A︡. A.
245 1 0 _aExperiments and demonstrations in physics /
_cYaakov Kraftmakher.
260 _aHackensack, N.J. :
_bWorld Scientific,
_cc2007.
300 _ax, 533 p. :
_bill. ;
_c24 cm.
440 0 _aBar-Ilan physics laboratory
504 _aIncludes bibliographical references (p. 499-528) and index.
650 0 _aPhysics
_xExperiments.
650 0 _aPhysics
_xComputer-assisted instruction.
856 4 1 _3Table of contents only
_uhttp://www.loc.gov/catdir/toc/fy0715/2007298117.html
906 _a7
_bcbc
_ccopycat
_d2
_encip
_f20
_gy-gencatlg
942 _2ddc
_cBK